000 01382nam a2200229 a 4500
001 78750
003 BD-RjUL
005 20211209083153.0
008 211110s1938 ir ||||| |||| 00| 0cper d
035 _a(BD-RjUL)78976
040 _aBD-RjUL
_beng
_cBD-RjUL
041 _aper
082 _a891.415
_bIRA 1928
_223
100 1 _aIrfani, Abdul Hamid, ;; ع‍رف‍ان‍ی‌، ع‍ب‍دال‍ح‍م‍ی‍د‏‫،
_d ۱۸۹۸ - ۱۹۷۲م
_980963
245 1 0 _aروم‍ی‌ ع‍ص‍ر: ش‍رح‌ اح‍وال‌ و آث‍ار ع‍لام‍ه‌ م‍ح‍م‍د اق‍ب‍ال‌ ش‍اع‍ر م‍ل‍ی‌ پ‍اک‍س‍ت‍ان‌ ;; Rumi Asr: Explanation of the conditions and effectumi Asr:sharhi ahwal wa asar Allama Muhammad Iqbal,shaer Meli Pakistan/ رومي العصر: شرح ظر
_c Abdul Hamid Irfani; Introduction by Saeed Nafisi ;; ت‍ال‍ی‍ف‌ ع‍ب‍دال‍ح‍م‍ی‍د ع‍رف‍ان‍ی‌؛ م‍ق‍دم‍ه‌ ب‍ق‍ل‍م‌ س‍ع‍ی‍د ن‍ف‍ی‍س‍ی
260 _aت‍ه‍ران‌ ;;‌TEHRAN:
_b ک‍ان‍ون‌ م‍ع‍رف‍ت‌, ;; Kanun i marefat,
_c1938
300 _a296 p. ;
_c21 cm
600 _aIqbal ، Muhammad
_d 1877 - 1938
_x Biography
_9249854
650 _aشعر فارسی -- قرن
_9246933
700 _aNafisi, Saeed
_9246939
942 _2ddc
_cBK
999 _c78750
_d78750